000 00854nam a2200253 i 4500
001 187052
003 SpMaBN
005 20230906222815.0
008 170406s1989 sp ab |||| |dspa d
020 _a84-7232-495-8
080 _a929 Colón, Cristóbal
100 1 _aRamos, Demetrio.
_995248
245 1 0 _aColón pudo no volver
_b: la fundación de La Navidad /
_cDemetrio Ramos.
260 _aMadrid :
_bCultura Hispánica,
_c1989.
300 _a112 p. :
_bil., mapas ;
_c24 cm.
490 1 _aHistoria
504 _aReferencias bibliográficas.
596 _aEn port. y cub.: ICI, Instituto de Cooperación Iberoamericana. Quinto centenario.
600 1 7 _aColón, Cristóbal.
_939869
710 2 _aInstituto de Cooperación Iberoamericana.
_94848
830 0 _aHistoria
_9177536
852 _aES-MaACL
_jL-31373
999 _c187052
_d187052